000 00427nam a22001577a 4500
999 _c27340
_d27340
003 BDDh-ASL
005 20231015030744.0
008 211101s1886 ii ||||| |||| 00| 0 u d
040 _aBDDh-ASL
_cBDDh-ASL
082 _a297.352
_bWAK
245 0 0 _aWakilul Guraba : / وکيل الغربا
260 _aLucknow :
_bNawal Kishore ,
_c1886.
300 _a136 p. :
_c24 cm.
650 0 _95260
_aIslam, Hajj
942 _2ddc
_cBK